[Event "18th Neckar Open 2014"]
[Site "Deizisau GER"]
[Date "2014.04.21"]
[Round "8.1"]
[White "Rapport, Richard"]
[Black "Laznicka, Viktor"]
[Result "0-1"]
[WhiteTitle "GM"]
[BlackTitle "GM"]
[WhiteElo "2698"]
[BlackElo "2673"]
[WhiteFideId "738590"]
[BlackFideId "316385"]
[EventDate "2014.04.17"]

1. e4 c6 2. d4 d5 3. exd5 cxd5 4. Bd3 Nc6 5. c3 Nf6 6. Bf4 g6 7. h3 Bf5 8. Bxf5
gxf5 9. Qb3 Qd7 10. Nf3 Rg8 11. g3 Nh5 12. Ne5 Nxe5 13. Bxe5 f6 14. Qd1 Ng7 15.
Bf4 O-O-O 16. Be3 e5 17. dxe5 fxe5 18. Bxa7 Qc6 19. Qb3 d4 20. O-O Ne6 21. Nd2
Bc5 22. cxd4 Nxd4 23. Qe3 Ne2+ 0-1

[Event "18th Neckar Open 2014"]
[Site "Deizisau GER"]
[Date "2014.04.21"]
[Round "8.2"]
[White "Brunello, Sabino"]
[Black "Ivanisevic, Ivan"]
[Result "1/2-1/2"]
[WhiteTitle "GM"]
[BlackTitle "GM"]
[WhiteElo "2575"]
[BlackElo "2624"]
[WhiteFideId "813613"]
[BlackFideId "912417"]
[EventDate "2014.04.17"]

1. d4 Nf6 2. c4 e6 3. Nf3 d5 4. g3 Bb4+ 5. Bd2 Bd6 6. Bg2 Nbd7 7. Qc2 c6 8. O-O
O-O 9. Bf4 Bxf4 10. gxf4 b6 11. cxd5 Nxd5 12. e3 Bb7 13. Nc3 c5 14. Nxd5 Bxd5
15. Ng5 g6 16. Bxd5 exd5 17. dxc5 Nxc5 18. Rad1 Qd7 19. Ne4 Qg4+ 20. Ng3 Rfd8
21. f5 Qc4 22. Qb1 d4 23. b3 Qb4 24. exd4 Rxd4 25. Rxd4 Qxd4 26. Rd1 Qb4 27. Kg2
Re8 28. Qc1 Qh4 29. Qc3 gxf5 30. Nxf5 Qxf2+ 31. Kxf2 Ne4+ 32. Kf3 Nxc3 33. Rd7
Nxa2 34. Rxa7 Nc1 35. b4 Nd3 36. Rb7 Nxb4 37. Rxb6 Nd5 38. Rb7 h5 39. Rb5 Nf6
40. Ng3 Ra8 1/2-1/2

[Event "18th Neckar Open 2014"]
[Site "Deizisau GER"]
[Date "2014.04.21"]
[Round "8.3"]
[White "Vovk, Andrey"]
[Black "Kunin, Vitaly"]
[Result "1-0"]
[WhiteTitle "GM"]
[BlackTitle "GM"]
[WhiteElo "2610"]
[BlackElo "2554"]
[WhiteFideId "14114470"]
[BlackFideId "4128737"]
[EventDate "2014.04.17"]

1. e4 d6 2. d4 Nf6 3. Nc3 e5 4. Nf3 Nbd7 5. Bc4 Be7 6. O-O O-O 7. Re1 c6 8. a4
Qc7 9. b3 h6 10. a5 Re8 11. Bb2 Nf8 12. d5 Ng6 13. g3 Bg4 14. Qd3 Nd7 15. Kg2
Nc5 16. Qe3 Qc8 17. Ba3 Nd7 18. h3 Bh5 19. Red1 c5 20. Be2 a6 21. b4 cxb4 22.
Bxb4 Rf8 23. Kh2 f5 24. exf5 Rxf5 25. Ne4 Nf6 26. Nxf6+ Rxf6 27. Nd2 Bxe2 28.
Qxe2 Qxc2 29. Rdc1 Qf5 30. Ne4 Rff8 31. Rc7 h5 32. Kg2 Rad8 33. Ra3 Qf7 34. Rd3
h4 35. Qf3 Nf4+ 36. gxf4 Qg6+ 37. Kh2 Rxf4 38. Qxf4 exf4 39. Rxe7 Qh5 40. Bc3
Kf8 41. Re6 Qe2 42. Rd2 Qf3 43. Bb4 Kg8 44. Bxd6 Qb3 45. Ng5 f3 46. Bc5 Qc4 47.
Be3 Rf8 48. Rd4 Qf1 49. Rg4 Qd3 50. Bd4 Qf5 51. Re7 Rf6 52. Re8+ Rf8 53. Ne6
Rxe8 54. Rxg7+ Kh8 55. Rf7+ 1-0

[Event "18th Neckar Open 2014"]
[Site "Deizisau GER"]
[Date "2014.04.21"]
[Round "8.4"]
[White "Naiditsch, Arkadij"]
[Black "Poetsch, Hagen"]
[Result "1-0"]
[WhiteTitle "GM"]
[BlackTitle "IM"]
[WhiteElo "2706"]
[BlackElo "2482"]
[WhiteFideId "4650891"]
[BlackFideId "24615137"]
[EventDate "2014.04.17"]

1. d4 Nf6 2. c4 e6 3. Nc3 Bb4 4. e3 O-O 5. Bd3 c5 6. Nf3 Nc6 7. O-O d5 8. cxd5
exd5 9. dxc5 Bxc5 10. h3 a6 11. Ne2 Ne4 12. Nf4 Nf6 13. Bd2 Re8 14. Rc1 Bd6 15.
Bb1 Bxf4 16. exf4 d4 17. Qb3 Qd5 18. Qxd5 Nxd5 19. Rfd1 Bd7 20. Rc5 Nf6 21. Ne5
Nxe5 22. Rxe5 Rac8 23. Ba5 Rc6 24. Kh2 b6 25. Bb4 Rc4 26. Be7 Be6 27. Ba3 Ra4
28. Bc2 Rc4 29. Bd3 Ra4 30. f5 Bxa2 31. Rxe8+ Nxe8 32. Rc1 f6 33. Rc8 Kf7 34.
Rb8 b5 35. Bc5 Bd5 36. Rd8 1-0

[Event "18th Neckar Open 2014"]
[Site "Deizisau GER"]
[Date "2014.04.21"]
[Round "8.5"]
[White "Iturrizaga Bonelli, Eduardo"]
[Black "Gutman, Lev"]
[Result "1-0"]
[WhiteTitle "GM"]
[BlackTitle "GM"]
[WhiteElo "2635"]
[BlackElo "2449"]
[WhiteFideId "3901211"]
[BlackFideId "4600177"]
[EventDate "2014.04.17"]

1. Nf3 Nf6 2. c4 g6 3. Nc3 d5 4. cxd5 Nxd5 5. Qb3 Nb6 6. d4 Bg7 7. Bf4 O-O 8. e3
Be6 9. Qa3 Nd5 10. Bg3 a5 11. Rc1 c6 12. Be2 b5 13. Ne4 Nb4 14. Nc5 Bf5 15. Qb3
N8a6 16. Nxa6 Rxa6 17. a3 Be6 18. Qd1 Na2 19. Rc5 a4 20. O-O Rb6 21. Ne5 Bb3 22.
Qd2 Bxe5 23. Bxe5 b4 24. h4 f6 25. Bg3 e5 26. h5 Bf7 27. hxg6 hxg6 28. Qc2 exd4
29. Rd1 Qe7 30. exd4 Kg7 31. Bc4 Re8 32. Bxf7 Qxf7 33. Qxa4 bxa3 34. Qxa3 Nb4
35. d5 Rd8 36. d6 Rd7 37. Qe3 Rbb7 38. Rd4 Qa2 39. Rh4 Qb1+ 40. Rc1 Qd3 41. Qh6+
Kf7 42. Re1 g5 43. Rhe4 1-0

[Event "18th Neckar Open 2014"]
[Site "Deizisau GER"]
[Date "2014.04.21"]
[Round "8.6"]
[White "Studer, Noel"]
[Black "Bachmann, Axel"]
[Result "1/2-1/2"]
[WhiteTitle "FM"]
[BlackTitle "GM"]
[WhiteElo "2336"]
[BlackElo "2598"]
[WhiteFideId "1319620"]
[BlackFideId "3700488"]
[EventDate "2014.04.17"]

1. e4 c5 2. Nf3 e6 3. d4 cxd4 4. Nxd4 Nc6 5. Nc3 Qc7 6. Be3 a6 7. Qd2 Nf6 8.
O-O-O Be7 9. f3 b5 10. Nxc6 dxc6 11. Qf2 O-O 12. Bc5 e5 13. g4 Be6 14. h4 Bxc5
15. Qxc5 Nd7 16. Qd6 Qb6 17. Kb1 Rad8 18. Be2 Rfe8 19. Qd2 b4 20. Na4 Qa5 21. b3
Nc5 22. Qxd8 Rxd8 23. Rxd8+ Qxd8 24. Nxc5 Bc8 25. Rd1 Qxh4 26. Bxa6 Bxa6 27.
Nxa6 g6 28. Nxb4 h5 29. gxh5 gxh5 30. a4 Qf2 31. a5 Kg7 32. Nd3 Qa7 33. Rh1 Kh6
34. Nxe5 Qxa5 35. Nxf7+ Kg6 36. Nd6 Qc3 37. Nf5 c5 38. Ne7+ Kg5 39. Rg1+ Kh6 40.
f4 c4 41. e5 cxb3 42. Ng8+ Kh7 43. Nf6+ Kh6 44. Ng8+ 1/2-1/2

[Event "18th Neckar Open 2014"]
[Site "Deizisau GER"]
[Date "2014.04.21"]
[Round "8.7"]
[White "Piorun, Kacper"]
[Black "Brunner, Nicolas"]
[Result "1-0"]
[WhiteTitle "GM"]
[BlackTitle "IM"]
[WhiteElo "2580"]
[BlackElo "2441"]
[WhiteFideId "1130420"]
[BlackFideId "620246"]
[EventDate "2014.04.17"]

1. Nf3 c5 2. c4 Nc6 3. d4 cxd4 4. Nxd4 Nf6 5. Nc3 e6 6. a3 Bc5 7. Nb3 Be7 8. e4
O-O 9. Be2 b6 10. Be3 Bb7 11. f4 d6 12. Qc2 Rc8 13. O-O-O Qc7 14. g4 a6 15. g5
Nd7 16. h4 b5 17. cxb5 Na5 18. Kb1 axb5 19. Nd4 Qb8 20. Ndxb5 Nc5 21. Bxc5 dxc5
22. Rhf1 Bc6 23. e5 Qa8 24. Bd3 Rb8 25. Bxh7+ Kh8 26. a4 Bxb5 27. axb5 Qa7 28.
Be4 c4 29. g6 Bb4 30. Qe2 fxg6 31. Bxg6 Rf5 32. Bxf5 exf5 33. Qh5+ Kg8 34. Nd5
Bc5 35. Qg6 Kh8 36. Nf6 gxf6 37. Rg1 Rf8 38. Rd8 1-0

[Event "18th Neckar Open 2014"]
[Site "Deizisau GER"]
[Date "2014.04.21"]
[Round "8.8"]
[White "Epishin, Vladimir"]
[Black "Biolek, Richard Jr."]
[Result "0-1"]
[WhiteTitle "GM"]
[BlackTitle "IM"]
[WhiteElo "2546"]
[BlackElo "2418"]
[WhiteFideId "4162714"]
[BlackFideId "319996"]
[EventDate "2014.04.17"]

1. d4 Nf6 2. c4 g6 3. Nc3 Bg7 4. e4 d6 5. Nf3 O-O 6. Be2 e5 7. O-O Nc6 8. d5 Ne7
9. b4 Ne8 10. c5 f5 11. Bb2 h6 12. Rc1 f4 13. Ne1 Nf6 14. f3 g5 15. Nd3 h5 16.
Nf2 Ng6 17. a4 Bh6 18. cxd6 cxd6 19. Nb5 Rf7 20. Rc3 a6 21. Na3 Rg7 22. h3 Nh4
23. Nc4 Kh7 24. a5 g4 25. fxg4 hxg4 26. hxg4 Nxg2 27. Kxg2 Nxg4 28. Nxg4 Bxg4
29. Bxg4 Qh4 30. Rh3 Rxg4+ 31. Kh2 Rag8 32. Qd3 Rg2+ 33. Kh1 Qg4 0-1

[Event "18th Neckar Open 2014"]
[Site "Deizisau GER"]
[Date "2014.04.21"]
[Round "8.9"]
[White "Schoorl, Rob"]
[Black "Heimann, Andreas"]
[Result "0-1"]
[WhiteTitle "FM"]
[BlackTitle "IM"]
[WhiteElo "2302"]
[BlackElo "2522"]
[WhiteFideId "1009508"]
[BlackFideId "24624632"]
[EventDate "2014.04.17"]

1. e4 e5 2. Nf3 Nc6 3. Bb5 a6 4. Ba4 Nf6 5. O-O Be7 6. d3 b5 7. Bb3 d6 8. a4 Bd7
9. c3 O-O 10. Re1 Na5 11. Bc2 c5 12. h3 Qc7 13. Nbd2 b4 14. cxb4 cxb4 15. d4
Rfc8 16. Bd3 h6 17. Nb3 Nxb3 18. Qxb3 a5 19. Be3 Be6 20. d5 Bd7 21. Nd2 Be8 22.
Nc4 Nd7 23. Qd1 Nc5 24. b3 Bg5 25. Bxc5 Qxc5 26. g3 Bd7 27. h4 Be7 28. Rc1 Qa7
29. Qd2 Rc5 30. Ne3 Rac8 31. Rxc5 Rxc5 32. Rc1 Bd8 33. Rxc5 Qxc5 34. Nc4 Bb6 35.
Bf1 Ba7 36. Ne3 Qc7 37. Bb5 Bc8 38. Nc4 Kh7 39. Qd3 Bg4 40. Bc6 Bc8 41. Qe2 Kg8
42. Kg2 Qd8 43. Qf3 Bd4 44. Bb5 Qc7 45. Kh2 Kf8 46. Kg2 Qd8 47. Kh2 g6 48. h5
gxh5 49. Qxh5 Kg7 50. Kg2 Qf6 51. f3 Qd8 52. g4 Ba7 53. Qh2 Qc7 54. Kg3 Qc5 55.
f4 Qd4 56. Qg2 Qc3+ 57. Qf3 Qe1+ 58. Kh3 Qc3 59. Kg3 Qe1+ 60. Kh3 Qc3 61. Kg3
exf4+ 62. Kxf4 Qc1+ 63. Kg3 Qe1+ 64. Kf4 Bf2 65. e5 dxe5+ 66. Nxe5 Qd2+ 67. Ke4
Qd4# 0-1

[Event "18th Neckar Open 2014"]
[Site "Deizisau GER"]
[Date "2014.04.21"]
[Round "8.10"]
[White "Wagner, Dennis"]
[Black "Jugelt, Tobias"]
[Result "1/2-1/2"]
[WhiteTitle "IM"]
[BlackTitle "IM"]
[WhiteElo "2465"]
[BlackElo "2411"]
[WhiteFideId "24650684"]
[BlackFideId "4626150"]
[EventDate "2014.04.17"]

1. d4 Nf6 2. c4 e6 3. Nf3 d5 4. Nc3 Be7 5. Bf4 O-O 6. a3 b6 7. e3 Bb7 8. cxd5
exd5 9. Be2 c6 10. O-O Nbd7 11. h3 Re8 12. Rc1 Bf8 13. Nd2 Nb8 14. Bf3 Bd6 15.
Bxd6 Qxd6 16. e4 dxe4 17. Ndxe4 Nxe4 18. Nxe4 Qd7 19. Qa4 Rd8 20. Rfd1 Na6 21.
Ng3 c5 22. Qxd7 Rxd7 23. Bxb7 Rxb7 24. dxc5 Nxc5 25. b4 Ne6 26. Rc6 g6 27. Ne4
Kg7 28. Nd6 Re7 29. Nb5 h5 30. h4 Rb8 31. g3 Rbb7 32. Rcd6 Nc7 33. Nd4 Ne8 34.
Rd8 Nf6 35. Nc6 Re2 36. R8d2 Rxd2 37. Rxd2 b5 38. Rd8 Rc7 39. Nd4 a6 40. Ra8 Rc4
41. Ne2 Rc6 42. Kg2 1/2-1/2

[Event "18th Neckar Open 2014"]
[Site "Deizisau GER"]
[Date "2014.04.21"]
[Round "8.11"]
[White "Niedermeier, Thomas"]
[Black "Skembris, Spyridon"]
[Result "0-1"]
[BlackTitle "GM"]
[WhiteElo "2174"]
[BlackElo "2451"]
[WhiteFideId "4669983"]
[BlackFideId "4200020"]
[EventDate "2014.04.17"]

1. e4 g6 2. d4 c6 3. Nc3 Bg7 4. Nf3 d6 5. h3 Nd7 6. a4 e5 7. dxe5 dxe5 8. Be3
Bh6 9. Bc4 Bxe3 10. fxe3 Ngf6 11. O-O O-O 12. Qe1 Nh5 13. g4 Ng7 14. Qg3 Qe7 15.
Ba2 b6 16. Rad1 a5 17. Rf2 Ra7 18. h4 Kh8 19. Rfd2 f6 20. Rd6 Rc7 21. Kh2 Nc5
22. h5 g5 23. Qg2 Nb7 24. R6d3 Rd7 25. Kg3 Rfd8 26. Qe2 Nd6 27. R3d2 Ne6 28.
Bxe6 Qxe6 29. b3 b5 30. axb5 cxb5 31. Kh3 b4 0-1

[Event "18th Neckar Open 2014"]
[Site "Deizisau GER"]
[Date "2014.04.21"]
[Round "8.12"]
[White "Nikolov, Momchil"]
[Black "Braeuer, Franz"]
[Result "1-0"]
[WhiteTitle "GM"]
[WhiteElo "2515"]
[BlackElo "2302"]
[WhiteFideId "2905710"]
[BlackFideId "24634468"]
[EventDate "2014.04.17"]

1. d4 Nf6 2. c4 e6 3. Nc3 d5 4. cxd5 exd5 5. Bg5 Nbd7 6. Nf3 Be7 7. e3 O-O 8.
Bd3 c6 9. Qc2 Re8 10. O-O h6 11. Bf4 Nf8 12. h3 Be6 13. Bh2 N6d7 14. Rab1 a5 15.
a3 b5 16. e4 Qb6 17. exd5 Bxd5 18. Nxd5 cxd5 19. Qb3 Bd6 20. Qxd5 Bxh2+ 21. Kxh2
Rab8 22. b4 Red8 23. bxa5 Qxa5 24. Qb3 Ra8 25. Ra1 Rdb8 26. Rfb1 b4 27. a4 Qc7+
28. Kg1 Qc3 29. Qxc3 bxc3 30. Rxb8 Rxb8 31. a5 Rc8 32. Ne1 Ne6 33. Nc2 Ra8 34.
Kf1 Nf6 35. g3 Kf8 36. Ke2 Ke7 37. Bc4 Kd6 38. a6 Ra7 39. Ra3 Nd5 40. Bxd5 Kxd5
41. Kd3 Kc6 42. Rb3 Nc7 43. Nb4+ Kd7 44. Ra3 g6 45. Ra5 1-0

[Event "18th Neckar Open 2014"]
[Site "Deizisau GER"]
[Date "2014.04.21"]
[Round "8.13"]
[White "Broekmeulen, Jasper"]
[Black "Zwahr, Paul"]
[Result "1/2-1/2"]
[WhiteTitle "FM"]
[BlackTitle "FM"]
[WhiteElo "2429"]
[BlackElo "2360"]
[WhiteFideId "1013440"]
[BlackFideId "24609749"]
[EventDate "2014.04.17"]

1. e4 c5 2. Nf3 d6 3. d4 cxd4 4. Nxd4 Nf6 5. Nc3 a6 6. f4 e5 7. Nf5 Nc6 8. Bd3
Bxf5 9. exf5 Qb6 10. Qf3 O-O-O 11. Qf2 Qxf2+ 12. Kxf2 d5 13. fxe5 Bc5+ 14. Kg3
Nxe5 15. Rf1 h5 16. Bg5 Neg4 17. Kh3 Kc7 18. Rae1 Kc6 19. g3 Rde8 20. Kg2 Be3
21. Bxf6 Nxf6 22. Nd1 1/2-1/2

[Event "18th Neckar Open 2014"]
[Site "Deizisau GER"]
[Date "2014.04.21"]
[Round "8.14"]
[White "Farago, Ivan"]
[Black "Pijpers, Arthur"]
[Result "1-0"]
[WhiteTitle "GM"]
[WhiteElo "2452"]
[BlackElo "2359"]
[WhiteFideId "700134"]
[BlackFideId "1019554"]
[EventDate "2014.04.17"]

1. d4 d5 2. c4 c6 3. Nf3 Nf6 4. Nc3 e6 5. e3 Nbd7 6. Bd3 dxc4 7. Bxc4 b5 8. Be2
Bb7 9. O-O a6 10. e4 b4 11. e5 bxc3 12. exf6 Nxf6 13. bxc3 c5 14. Ne5 Bd6 15.
Qa4+ Kf8 16. Ba3 Qc7 17. dxc5 Bxc5 18. Qf4 Rc8 19. Bxc5+ Qxc5 20. Rab1 Qe7 21.
c4 Ne4 22. Bf3 Nc5 23. Bxb7 Nxb7 24. Rfd1 Rc7 25. c5 g5 26. Qd4 f6 27. c6 Na5
28. Rb8+ Kg7 29. Rxh8 Kxh8 30. Qd8+ Kg7 31. Qxc7 Qxc7 32. Rd7+ Qxd7 33. cxd7 Nb7
34. Nc6 Kf7 35. d8=Q Nxd8 36. Nxd8+ Ke7 37. Nb7 e5 38. Nc5 a5 39. Nb7 a4 40. a3 1-0

[Event "18th Neckar Open 2014"]
[Site "Deizisau GER"]
[Date "2014.04.21"]
[Round "9.3"]
[White "Heimann, Andreas"]
[Black "Rapport, Richard"]
[Result "1/2-1/2"]
[WhiteTitle "IM"]
[BlackTitle "GM"]
[WhiteElo "2522"]
[BlackElo "2698"]
[WhiteFideId "24624632"]
[BlackFideId "738590"]
[EventDate "2014.04.17"]

1. e4 e6 2. d4 d5 3. Nd2 dxe4 4. Nxe4 Nf6 5. Nxf6+ gxf6 6. Nf3 Nc6 7. Bc4 Qd6 8.
O-O Bd7 9. Be3 Ne7 10. Bb3 Nf5 11. c4 c5 12. d5 O-O-O 13. Qd2 Rg8 14. Rfd1 e5
15. Bc2 Nd4 16. Bxd4 cxd4 17. Nh4 Rg5 18. Be4 Kb8 19. Qc2 Rc8 20. Nf5 Qc7 21.
Rac1 a5 22. Qd3 Qb6 23. Rc2 h5 24. h4 Rg4 25. g3 Bc5 26. Kh2 Rcg8 27. f3 R4g6
28. Rg1 Qc7 29. Rcg2 Rh8 30. Kh1 Rgg8 31. Rh2 Rc8 32. b3 Ba3 33. Ng7 Rcg8 34.
Nf5 Qc5 35. Rc2 Ka7 36. Kh2 Rg6 37. Rcg2 Rc8 38. Rc2 Bb4 39. a4 Bc3 40. Rcg2
Rcg8 41. Qc2 Qb4 42. Qb1 Ra8 43. Qc2 Rh8 44. Qb1 Rgg8 45. Qc2 Ra8 46. Ng7 Qf8
47. Nf5 Kb8 48. Qd3 Qb4 49. Qc2 Ra6 50. Rb1 Rb6 51. Qd1 Qc5 52. Qc2 Rb4 53. Ng7
Qf8 54. Nf5 Rg8 55. Rgg1 Rb6 56. Rg2 Ka7 57. Qc1 Bb4 58. Qc2 Bc5 59. Qd3 Rb4 60.
Qc2 Rg6 61. Qd3 Qh8 62. Qd2 Ka8 63. Qc1 Qb8 64. Qc2 Rg8 65. Qd3 Qc7 66. Nh6 Rb8
67. Nf5 Qd8 68. Qd2 Qb6 69. Qd3 Bf8 70. Rgg1 Re8 71. Rg2 Ka7 72. Rgg1 Qc5 73.
Rgc1 Ra8 74. Rg1 Kb6 75. Rgc1 Kc7 76. Rg1 Rc8 77. Rgc1 Kb8 78. Rd1 Rb6 79. Ra1
Qb4 80. Rab1 Qa3 81. Qc2 Bc5 82. Rd2 Qb4 83. Rd3 Bxa4 84. Qa2 Bd7 85. Rdd1 Bf8
86. Rdc1 Qc5 87. Qe2 Rb4 88. Bd3 Qb6 89. Qc2 Rc5 90. Qd1 Bxf5 91. Bxf5 Bh6 92.
Rc2 Rxb3 93. Rxb3 Qxb3 94. d6 a4 95. Qe2 a3 96. Kg2 Be3 97. d7 Kc7 98. Ra2 Bc1
99. Rc2 Qb1 100. f4 a2 101. Qxh5 a1=Q 102. Qxf7 Qxc2+ 103. Bxc2 Qb2 104. Qe7
Qxc2+ 105. Kh1 1/2-1/2

[Event "18th Neckar Open 2014"]
[Site "Deizisau GER"]
[Date "2014.04.21"]
[Round "9.4"]
[White "Biolek, Richard Jr."]
[Black "Iturrizaga Bonelli, Eduardo"]
[Result "1/2-1/2"]
[WhiteTitle "IM"]
[BlackTitle "GM"]
[WhiteElo "2418"]
[BlackElo "2635"]
[WhiteFideId "319996"]
[BlackFideId "3901211"]
[EventDate "2014.04.17"]

1. d4 Nf6 2. c4 c5 3. d5 b5 4. cxb5 a6 5. f3 d6 6. e4 g6 7. Nc3 Bg7 8. Bc4 O-O
9. Nge2 Nbd7 10. O-O Nb6 11. b3 Nfd7 12. f4 Nxc4 13. bxc4 Nb6 14. Qd3 Nxc4 15.
Qxc4 axb5 16. Qb3 b4 17. Bb2 bxc3 18. Bxc3 Ba6 19. Bxg7 Kxg7 20. f5 Qa5 21. fxg6
hxg6 22. Ng3 f6 23. Rf3 Rab8 24. Qd1 Rh8 25. Rb3 Rb4 26. Qe1 Ra4 27. Qf2 Ra3 28.
Nf5+ Kf7 29. Nxd6+ exd6 30. Rf1 f5 31. exf5 g5 32. Qe3 Rxb3 33. Qe6+ Kf8 34.
Qf6+ Kg8 35. Qe6+ Kf8 36. Qf6+ 1/2-1/2

[Event "18th Neckar Open 2014"]
[Site "Deizisau GER"]
[Date "2014.04.21"]
[Round "9.6"]
[White "Bachmann, Axel"]
[Black "Piorun, Kacper"]
[Result "0-1"]
[WhiteTitle "GM"]
[BlackTitle "GM"]
[WhiteElo "2598"]
[BlackElo "2580"]
[WhiteFideId "3700488"]
[BlackFideId "1130420"]
[EventDate "2014.04.17"]

1. e4 c5 2. Nf3 e6 3. Nc3 a6 4. d4 cxd4 5. Nxd4 Qc7 6. Bd3 Nf6 7. O-O Bc5 8. Nb3
Ba7 9. Kh1 b5 10. a3 Bb7 11. f4 d6 12. e5 dxe5 13. fxe5 Qxe5 14. Na5 Bd5 15. Bf4
Qd4 16. Nxd5 Qxd5 17. Qe1 Nbd7 18. Rd1 Bb8 19. c4 Qc5 20. b4 Qc8 21. cxb5 Bxf4
22. Rxf4 axb5 23. Bxb5 Ra7 24. Rfd4 Rc7 25. Qd2 Nd5 26. Rxd5 exd5 27. Qxd5 O-O
28. Nc6 Nf6 29. Qf3 Qe6 30. h3 Rfc8 31. Nd4 Qe5 32. Qf5 Qd6 33. Qb1 Qe5 34. Bd3
g6 35. Nf3 Qe3 36. Ba6 Rc1 37. Bxc8 Rxb1 38. Rxb1 Qxa3 39. b5 Qd3 40. Ra1 Qxb5
41. Ba6 Qd5 42. Re1 Ne4 43. Bf1 h5 44. Kh2 Qd6+ 45. Kg1 Ng3 46. Kf2 Kg7 47. Bc4
Nf5 48. Re5 Qb6+ 49. Ke2 Nd4+ 0-1

[Event "18th Neckar Open 2014"]
[Site "Deizisau GER"]
[Date "2014.04.21"]
[Round "9.7"]
[White "Kunin, Vitaly"]
[Black "Schroeder, Jan-Christian"]
[Result "1-0"]
[WhiteTitle "GM"]
[BlackTitle "FM"]
[WhiteElo "2554"]
[BlackElo "2371"]
[WhiteFideId "4128737"]
[BlackFideId "24662259"]
[EventDate "2014.04.17"]

1. Nf3 d5 2. g3 Nf6 3. Bg2 c6 4. O-O Bf5 5. d3 e6 6. Nbd2 h6 7. Qe1 Be7 8. e4
Bh7 9. b3 O-O 10. Bb2 a5 11. a3 c5 12. Ne5 a4 13. f4 Nbd7 14. Qe2 axb3 15. cxb3
Ra6 16. Rae1 d4 17. Nxd7 Nxd7 18. a4 b5 19. axb5 Rb6 20. Ra1 Rxb5 21. Ra7 Ra5
22. Ra1 Rxa1+ 23. Bxa1 Nb8 24. e5 Qe8 25. Bb2 Bd8 26. Nc4 Qb5 27. Rb7 1-0

[Event "18th Neckar Open 2014"]
[Site "Deizisau GER"]
[Date "2014.04.21"]
[Round "9.8"]
[White "Jugelt, Tobias"]
[Black "Nikolov, Momchil"]
[Result "0-1"]
[WhiteTitle "IM"]
[BlackTitle "GM"]
[WhiteElo "2411"]
[BlackElo "2515"]
[WhiteFideId "4626150"]
[BlackFideId "2905710"]
[EventDate "2014.04.17"]

1. d4 Nf6 2. c4 e6 3. Nf3 c5 4. d5 d6 5. Nc3 exd5 6. cxd5 g6 7. Bf4 a6 8. a4 Bg7
9. h3 O-O 10. e3 Qe7 11. Nd2 Nbd7 12. Be2 Rb8 13. O-O Ne8 14. Nc4 Ne5 15. a5
Nxc4 16. Bxc4 b5 17. axb6 Rxb6 18. Qe2 Nc7 19. Ra2 Bd7 20. e4 Bb5 21. Bxb5 Nxb5
22. Nxb5 axb5 23. Rfa1 g5 24. Ra7 Qf6 25. Bc1 h6 26. Rc7 b4 27. Raa7 b3 28. g3
Rb4 29. Re7 Qg6 30. Bd2 Rbb8 31. Bc1 Rbe8 32. Kg2 Rxe7 33. Rxe7 Rb8 34. Qg4 Bf8
35. Ra7 Rb4 36. Qf3 Qxe4 37. Rxf7 Bg7 38. Bd2 Qxf3+ 39. Rxf3 Rd4 40. Bc3 c4 41.
Bxd4 Bxd4 42. h4 Bxb2 0-1

[Event "18th Neckar Open 2014"]
[Site "Deizisau GER"]
[Date "2014.04.21"]
[Round "9.9"]
[White "Poetsch, Hagen"]
[Black "Gaehwiler, Gabriel"]
[Result "1-0"]
[WhiteTitle "IM"]
[BlackTitle "FM"]
[WhiteElo "2482"]
[BlackElo "2330"]
[WhiteFideId "24615137"]
[BlackFideId "1314530"]
[EventDate "2014.04.17"]

1. e4 c5 2. Nf3 d6 3. d4 cxd4 4. Nxd4 Nf6 5. Nc3 a6 6. Bg5 Nbd7 7. Bc4 Qb6 8.
Bb3 e6 9. Bxf6 Nxf6 10. Qd2 Be7 11. f4 O-O 12. O-O-O Rd8 13. Qe2 Bf8 14. g4 d5
15. e5 Nd7 16. g5 Nc5 17. h4 Bd7 18. h5 a5 19. g6 Nxb3+ 20. cxb3 a4 21. gxf7+
Kxf7 22. f5 axb3 23. Kb1 Bb4 24. Nxd5 exd5 25. e6+ Kg8 26. Rhg1 Rxa2 27. Rxg7+
Kh8 28. Nxb3 Bc3 29. Rxd7 Rxd7 30. Kxa2 1-0

[Event "18th Neckar Open 2014"]
[Site "Deizisau GER"]
[Date "2014.04.21"]
[Round "9.10"]
[White "Tugui, Adrian"]
[Black "Wagner, Dennis"]
[Result "0-1"]
[BlackTitle "IM"]
[WhiteElo "2394"]
[BlackElo "2465"]
[WhiteFideId "1203266"]
[BlackFideId "24650684"]
[EventDate "2014.04.17"]

1. d4 Nf6 2. Bg5 d5 3. Bxf6 gxf6 4. g3 c5 5. dxc5 e6 6. Nd2 Bxc5 7. Nb3 Be7 8.
Bg2 f5 9. Nf3 Nc6 10. O-O h5 11. c4 dxc4 12. Qxd8+ Bxd8 13. Nbd4 Na5 14. b4 cxb3
15. axb3 Bb6 16. Rfd1 Ke7 17. b4 Nc4 18. Rac1 Nd6 19. Ne5 Kf6 20. f4 Nb5 21. e3
Nxd4 22. exd4 Rd8 23. Kh1 Rb8 24. Nc4 Bxd4 25. Rd3 Bb6 26. Rxd8 Bxd8 27. Nd6 Bd7
28. Nxb7 Bb6 29. h4 Rg8 30. Nc5 Bb5 31. Kh2 Rd8 32. Bf3 Rd2+ 33. Kh3 Rb2 34. Rd1
Rxb4 35. Nd7+ Bxd7 36. Rxd7 Kg6 37. Rb7 Rb2 38. Rb8 Rf2 39. Bd1 Rd2 40. Bf3 Bg1
41. Bg2 a5 42. Rb1 Bd4 43. Bc6 Ra2 44. Be8 a4 45. Rd1 Bc5 46. Rc1 Bf2 47. Rd1 a3
48. Kg2 Be3+ 49. Kf1 Rd2 0-1

[Event "18th Neckar Open 2014"]
[Site "Deizisau GER"]
[Date "2014.04.21"]
[Round "9.11"]
[White "Lampert, Jonas"]
[Black "Farago, Ivan"]
[Result "1/2-1/2"]
[BlackTitle "GM"]
[WhiteElo "2367"]
[BlackElo "2452"]
[WhiteFideId "1303759"]
[BlackFideId "700134"]
[EventDate "2014.04.17"]

1. e4 e6 2. d4 d5 3. Nd2 Be7 4. c3 c5 5. dxc5 Bxc5 6. Bd3 Nc6 7. Ngf3 Nf6 8. Qe2
O-O 9. b4 dxe4 10. Nxe4 Be7 11. O-O a6 12. a3 Qc7 13. c4 e5 14. Bb2 Bg4 15.
Nxf6+ gxf6 16. Qe3 Rad8 17. Be4 Bh5 18. b5 Nd4 19. Bxd4 exd4 20. Nxd4 Bg6 21.
Nf5 Rfe8 22. Qf3 Bf8 23. bxa6 bxa6 24. Bd5 Qe5 25. Ne3 Kg7 26. Qg3 Bc5 27. Rfe1 1/2-1/2

[Event "18th Neckar Open 2014"]
[Site "Deizisau GER"]
[Date "2014.04.21"]
[Round "9.12"]
[White "Van Kerkhof, David"]
[Black "Enchev, Ivajlo"]
[Result "1-0"]
[WhiteTitle "FM"]
[BlackTitle "IM"]
[WhiteElo "2293"]
[BlackElo "2443"]
[WhiteFideId "1012827"]
[BlackFideId "2907712"]
[EventDate "2014.04.17"]

1. e4 g6 2. d4 Bg7 3. Nc3 d6 4. f4 a6 5. Nf3 b5 6. Bd3 Bb7 7. e5 e6 8. O-O Ne7
9. Ne4 Nf5 10. c3 h5 11. a4 b4 12. a5 O-O 13. Qe2 Qc8 14. Be3 bxc3 15. bxc3 Nxe3
16. Qxe3 Bxe4 17. Qxe4 d5 18. Qe2 c5 19. Rfb1 Qc7 20. Rb6 c4 21. Bc2 Nc6 22. Ng5
Bh6 23. Bxg6 fxg6 24. Nxe6 Qd7 25. Nxf8 Bxf8 26. f5 gxf5 27. Qxh5 Bg7 28. Rf1
Ne7 29. Rf3 Qa4 30. h3 Qxa5 31. Rb7 Qd8 32. Qg5 Kf8 33. Rg3 Bh8 34. Qh6+ 1-0